Evropský měnový systém po loňských otřesech

Od vzniku Európskeho menového systému v roku 1979 prebehli vo sfére medzinárodných financií významné zmeny. Vplyv vonkajšieho prostredia. Vnútorné faktory krajín ES. Nejednotný prístup k Európskemu menovému systému. Koordinácia hospodárskej politiky. Vytvorenie mechanizmu pre kontrolu stability deví...

Descrizione completa

Salvato in:
Dettagli Bibliografici
Autore principale: Mička, Přemysl
Natura: Capitolo di libro
Lingua:ceco
Soggetti:
Tags: Aggiungi Tag
Nessun Tag, puoi essere il primo ad aggiungerne!!

MARC

LEADER 00000naa a2200000 4500
001 r023882
005 20221213081736.4
041 0 |a cze 
044 |a CZ 
245 1 0 |a Evropský měnový systém po loňských otřesech  |c P. Mička 
520 |a Od vzniku Európskeho menového systému v roku 1979 prebehli vo sfére medzinárodných financií významné zmeny. Vplyv vonkajšieho prostredia. Vnútorné faktory krajín ES. Nejednotný prístup k Európskemu menovému systému. Koordinácia hospodárskej politiky. Vytvorenie mechanizmu pre kontrolu stability devízových kurzov a pre zvládnutie menových kríz. 
610 2 0 |a systém menový medzinárodný 
610 2 0 |a Európske spoločenstvá 
610 2 0 |a Európsky menový systém 
610 2 0 |a politika devízová 
610 2 0 |a politika menová 
610 2 0 |a politika hospodárska 
610 2 0 |a stabilita meny 
610 2 0 |a únie menové 
100 1 |a Mička, Přemysl